书目信息 |
| 题名: |
SoC FPGA嵌入式设计和开发教程
|
|
| 作者: | 梅雪松 , 宋士权 , 陈云龙 编著 | |
| 分册: | ||
| 出版信息: | 北京 北京航空航天大学出版社 2019 |
|
| 页数: | 315页 | |
| 开本: | 24cm | |
| 丛书名: | 工程师自学笔记系列丛书 | |
| 单 册: | ||
| 中图分类: | TN402 | |
| 科图分类: | ||
| 主题词: | 集成电路--ji cheng dian lu--芯片--设计 | |
| 电子资源: | ||
| ISBN: | 978-7-5124-2239-1 | |
| 000 | 01411nam 2200313 450 | |
| 001 | 012001001141 | |
| 005 | 20131107142846.0 | |
| 010 | @a978-7-5124-2239-1@dCNY69.00 | |
| 099 | @aCAL 012019054101 | |
| 100 | @a20190423d2019 ekmy0chiy50 ea | |
| 101 | 0 | @achi |
| 102 | @aCN@b110000 | |
| 105 | @aak a 000yy | |
| 106 | @ar | |
| 200 | 1 | @aSoC FPGA嵌入式设计和开发教程@ASoC FPGA qian ru shi she ji he kai fa jiao cheng@f梅雪松, 宋士权, 陈云龙编著 |
| 210 | @a北京@c北京航空航天大学出版社@d2019 | |
| 215 | @a315页@c图@d24cm | |
| 225 | 2 | @a工程师自学笔记系列丛书@Agong cheng shi zi xue bi ji xi lie cong shu |
| 320 | @a有书目 (第315页) | |
| 330 | @a本书针对Intel Cyclone V SoC FPGA器件,介绍了其芯片结构,架构优势,并基于特定的硬件开发平台,以实例的形式介绍了其应用开发流程和调试技巧。书本内容包括了器件介绍,软件安装,FPGA逻辑设计,Linux系统设计方法,最后,给出了两个综合系统的设计思路与设计内容。 | |
| 333 | @a可作为计算机、工程应用类、电子信息类专业本科生以及相关专业专科生的EDA基础类课程的教材;也可作为FPGA自学人员,以及从事FPGA开发的工程技术人员的培训教材和参考用书 | |
| 410 | 0 | @12001 @a工程师自学笔记系列丛书 |
| 606 | 0 | @a集成电路@Aji cheng dian lu@x芯片@x设计 |
| 690 | @aTN402@v5 | |
| 701 | 0 | @a梅雪松@Amei xue song@4编著 |
| 701 | 0 | @a宋士权@Asong shi quan@4编著 |
| 701 | 0 | @a陈云龙@Achen yun long@4编著 |
| 801 | 0 | @aCN@b北京卓展文化@c20191020 |
| 905 | @b1197611-4@dTN402@e167@f4 | |
| SoC FPGA嵌入式设计和开发教程/梅雪松, 宋士权, 陈云龙编著.-北京:北京航空航天大学出版社,2019 |
| 315页:图;24cm.-(工程师自学笔记系列丛书) |
| 使用对象:可作为计算机、工程应用类、电子信息类专业本科生以及相关专业专科生的EDA基础类课程的教材;也可作为FPGA自学人员,以及从事FPGA开发的工程技术人员的培训教材和参考用书 |
| ISBN 978-7-5124-2239-1:CNY69.00 |
| 本书针对Intel Cyclone V SoC FPGA器件,介绍了其芯片结构,架构优势,并基于特定的硬件开发平台,以实例的形式介绍了其应用开发流程和调试技巧。书本内容包括了器件介绍,软件安装,FPGA逻辑设计,Linux系统设计方法,最后,给出了两个综合系统的设计思路与设计内容。 |
| ● |
| 相关链接 |
|
|
|
|
正题名:SoC FPGA嵌入式设计和开发教程
索取号:TN402/167
 
预约/预借
| 序号 | 登录号 | 条形码 | 馆藏地/架位号 | 状态 | 备注 |
| 1 | 1197611 | 211976110 | 第二样本阅览室/ [索取号:TN402/167] | 在馆 | |
| 2 | 1197612 | 211976129 | 第三借阅区/ [索取号:TN402/167] | 在馆 | |
| 3 | 1197613 | 211976138 | 第三借阅区/ [索取号:TN402/167] | 在馆 | |
| 4 | 1197614 | 211976147 | 第三借阅区/ [索取号:TN402/167] | 在馆 |